[Event "Colombo Golden Jubilee op"]
[Site "Colombo"]
[Date "2022.11.25"]
[Round "5"]
[White "Weerasekara, Dishal Nimsara"]
[Black "Liyanapathirana, Pasan Vindula"]
[Result "0-1"]
[WhiteElo "1776"]
[BlackElo "1896"]
[PlyCount "94"]
[EventDate "2022.11.23"]
[EventType "swiss"]
[EventRounds "9"]
[EventCountry "SRI"]
[SourceTitle "CBM 211 Extra"]
[Source "ChessBase"]
[SourceDate "2023.01.31"]
[SourceVersion "1"]
[SourceVersionDate "2023.01.31"]
[SourceQuality "1"]

1. c4 e5 2. g3 Nf6 3. Nc3 d5 4. cxd5 Nxd5 5. Bg2 Nb6 6. Nf3 Nc6 7. d3 Be7 8. a3 0-0 9. b4 Be6 10. 0-0 a5 11. b5 Nd4 12. Nxd4 exd4 13. Na4 Bd5 14. Nxb6 cxb6 15. a4 Bxg2 16. Kxg2 Qd5+ 17. Kg1 Rfe8 18. Bf4 Bf6 19. Rc1 Re6 20. Re1 Rae8 21. Rc4 g5 22. e4 gxf4 23. Qg4+ Qg5 24. Qxf4 Qxf4 25. gxf4 Bg7 26. Kg2 Rf6 27. Kf3 Bh6 28. Rg1+ Kf8 29. Rg4 Rd6 30. e5 Rd7 31. Ke4 Bg7 32. Rg5 h6 33. Rf5 Ke7 34. Rxd4 Rxd4+ 35. Kxd4 Rc8 36. Rh5 Rc2 37. f5 f6 38. f4 Re2 39. e6 Ra2 40. Rh4 Rxa4+ 41. Ke3 Rb4 42. Rg4 Bf8 43. d4 Rxb5 44. Ke4 a4 45. Rg1 Kd6 46. Rg8 Ke7 47. Rg1 a3 0-1

[Event "Delkanda Inter Club-chT"]
[Site "Delkanda"]
[Date "2021.02.28"]
[Round "6.3"]
[White "Anojman, S."]
[Black "Liyanapathirana, Pasan Vindula"]
[Result "0-1"]
[WhiteElo "1840"]
[BlackElo "1868"]
[PlyCount "110"]
[EventDate "2021.02.26"]
[EventType "team-tourn"]
[EventRounds "9"]
[EventCountry "SRI"]
[SourceTitle "EXT 2022"]
[Source "ChessBase"]
[SourceDate "2021.10.06"]
[SourceVersion "1"]
[SourceVersionDate "2021.10.06"]
[SourceQuality "1"]
[WhiteTeam "Blue and Gold CC"]
[BlackTeam "Grand Prix CC"]
[WhiteTeamCountry "SRI"]
[BlackTeamCountry "SRI"]

1. d4 Nf6 2. Nf3 g6 3. Nc3 Bg7 4. e4 d6 5. Be3 0-0 6. Qd2 c6 7. Bh6 d5 8. Bd3 dxe4 9. Bxe4 Nxe4 10. Nxe4 Qd5 11. Nc3 Qe6+ 12. Be3 Nd7 13. 0-0-0 Nb6 14. Ng5 Qf5 15. Qe2 Nd5 16. Nge4 Be6 17. f3 Rfd8 18. g4 Nxc3 19. Nxc3 Qa5 20. Kb1 b5 21. d5 Bxd5 22. Nxd5 Rxd5 23. Rxd5 cxd5 24. h4 h6 25. Bd2 Qc7 26. h5 Rc8 27. Bc1 g5 28. a3 a5 29. Re1 b4 30. a4 Qc6 31. Qd3 Qxa4 32. Rxe7 Qc6 33. Qf5 Bf6 34. Re1 a4 35. Qd3 a3 36. bxa3 bxa3 37. Bxa3 Bc3 38. Re7 Qa4 39. Ka2 Bb4 40. Re3 Bxa3 41. Qxa3 Qxc2+ 42. Qb2 Ra8+ 43. Ra3 Qxb2+ 44. Kxb2 Rxa3 45. Kxa3 f5 46. gxf5 Kf7 47. Kb4 Kf6 48. Kc5 Kxf5 49. Kxd5 Kf4 50. Ke6 Kxf3 51. Kf5 g4 52. Kg6 g3 53. Kxh6 g2 54. Kh7 g1Q 55. h6 Qg5 0-1

[Event "SRI-chB"]
[Site "Maharaga"]
[Date "2020.03.08"]
[Round "4.4"]
[White "Doluweera, Minul Sanjula"]
[Black "Liyanapathirana, Pasan Vindula"]
[Result "1/2-1/2"]
[WhiteElo "2172"]
[BlackElo "1880"]
[PlyCount "158"]
[EventDate "2020.03.06"]
[EventType "swiss"]
[EventRounds "11"]
[EventCountry "SRI"]
[SourceTitle "CBM 195 Extra"]
[Source "ChessBase"]
[SourceDate "2020.05.31"]
[SourceVersion "1"]
[SourceVersionDate "2020.05.31"]
[SourceQuality "1"]

1. d4 Nf6 2. Bg5 d5 3. e3 g6 4. Bxf6 exf6 5. Bd3 Bd6 6. Nd2 0-0 7. Qf3 c6 8. g4 Be6 9. Ne2 Qd7 10. h3 Kg7 11. 0-0-0 Na6 12. Bxa6 bxa6 13. Rdg1 f5 14. gxf5 Bxf5 15. Ng3 Bxg3 16. Qxg3 Qe7 17. Qf4 Kh8 18. Nb3 Qb4 19. f3 Rfe8 20. h4 a5 21. h5 a4 22. hxg6 fxg6 23. Qh2 Re7 24. a3 Qb8 25. Qh4 Qc7 26. Qf6+ Kg8 27. Nc5 Rf8 28. Qg5 Qd6 29. Nxa4 Bc8 30. Rf1 Rf5 31. Qh6 Ba6 32. Rf2 Qg3 33. Qh4 Qxh4 34. Rxh4 Rxe3 35. Nc5 Bc8 36. f4 Rf6 37. Kd2 Rg3 38. Rhh2 h5 39. Nd3 Bf5 40. Rhg2 Rxg2 41. Rxg2 Bxd3 42. Kxd3 Kg7 43. Ke3 Re6+ 44. Kf3 Kh6 45. b3 Re4 46. c3 Re1 47. Rc2 Ra1 48. a4 a5 49. c4 Ra3 50. cxd5 cxd5 51. Rc3 Kg7 52. Kg2 Kf6 53. Rc5 Kf5 54. Rxa5 Rxb3 55. Rxd5+ Kxf4 56. a5 h4 57. a6 Rb2+ 58. Kg1 Ra2 59. Rd6 g5 60. Rb6 g4 61. d5 Ra1+ 62. Kh2 h3 63. Rb4+ Kg5 64. d6 Rxa6 65. Rd4 Ra2+ 66. Kg1 Ra1+ 67. Kh2 Ra2+ 68. Kh1 g3 69. Rd1 Ra8 70. d7 Rd8 71. Rd3 Kf4 72. Rd6 Kf3 73. Rf6+ Ke4 74. Rd6 Ke5 75. Rd3 Kf4 76. Rd6 Kf3 77. Rf6+ Ke4 78. Rd6 Ke5 79. Rd3 Kf4 1/2-1/2

[Event "Kurunegala op 11th"]
[Site "Kurunegala"]
[Date "2019.12.04"]
[Round "9"]
[White "Liyanapathirana, Pasan Vindula"]
[Black "Alahakoon, Isuru"]
[Result "0-1"]
[WhiteElo "1820"]
[BlackElo "2171"]
[PlyCount "86"]
[EventDate "2019.11.30"]
[EventType "swiss"]
[EventRounds "10"]
[EventCountry "SRI"]
[SourceTitle "CBM 193 Extra"]
[Source "ChessBase"]
[SourceDate "2020.01.31"]
[SourceVersion "1"]
[SourceVersionDate "2020.01.31"]
[SourceQuality "1"]

1. e4 g6 2. d4 Bg7 3. c4 d6 4. Nc3 Nc6 5. Be3 e5 6. Nge2 Nf6 7. d5 Ne7 8. f3 0-0 9. c5 Nd7 10. cxd6 cxd6 11. Nc1 f5 12. Be2 fxe4 13. fxe4 a6 14. Nd3 Kh8 15. a4 Ng8 16. Nf2 Bh6 17. Qd2 Qh4 18. g3 Bxe3 19. Qxe3 Qe7 20. 0-0 Nc5 21. Ra3 a5 22. Nd3 Rxf1+ 23. Bxf1 b6 24. Nxc5 bxc5 25. Rb3 Nf6 26. Rb6 Ng4 27. Qe2 Qd8 28. Rc6 Nf6 29. Nb5 Ne8 30. Qf3 Kg7 31. Qc3 Bd7 32. Rxd6 Nxd6 33. Qxe5+ Qf6 34. Qxd6 Bxb5 35. Qc7+ Kh8 36. Bxb5 Qd4+ 37. Kg2 Qxe4+ 38. Kh3 Qxd5 39. Bc6 Qe6+ 40. Kh4 Rc8 41. Qxa5 Qxc6 42. Qc3+ Kg8 43. Kg5 Qd5+ 0-1

[Event "Nugegoda GP 6th"]
[Site "Nugegoda"]
[Date "2019.06.03"]
[Round "11"]
[White "Liyanapathirana, Pasan Vindula"]
[Black "De Silva, LMST"]
[Result "1/2-1/2"]
[WhiteElo "1806"]
[BlackElo "1871"]
[PlyCount "41"]
[EventDate "2019.05.25"]
[EventType "tourn"]
[EventRounds "11"]
[EventCountry "SRI"]
[SourceTitle "CBM 190 Extra"]
[Source "ChessBase"]
[SourceDate "2019.07.15"]
[SourceVersion "1"]
[SourceVersionDate "2019.07.15"]
[SourceQuality "1"]

1. c4 e5 2. Nc3 Nf6 3. g3 d5 4. cxd5 Nxd5 5. Bg2 Nb6 6. d3 Be7 7. Be3 0-0 8. Rc1 Kh8 9. Nf3 Nc6 10. 0-0 Be6 11. a3 a5 12. Na4 e4 13. Ne1 Nd5 14. Bc5 e3 15. f4 Bxc5 16. Nxc5 Nd4 17. Nc2 Nf5 18. d4 b6 19. Nxe6 fxe6 20. Qd3 Rc8 21. Qe4 1/2-1/2

[Event "SRI-chB"]
[Site "Narahenpita"]
[Date "2017.05.13"]
[Round "3"]
[White "Liyanapathirana, Pasan Vindula"]
[Black "Galappaththi, Chinthaka Anuruddh"]
[Result "0-1"]
[WhiteElo "1926"]
[BlackElo "2051"]
[PlyCount "79"]
[EventDate "2017.05.12"]
[EventType "swiss"]
[EventRounds "10"]
[EventCountry "SRI"]
[SourceTitle "CBM 178 Extra"]
[Source "ChessBase"]
[SourceDate "2017.06.22"]
[SourceVersion "1"]
[SourceVersionDate "2017.06.22"]
[SourceQuality "1"]

1. e4 e6 2. d4 d5 3. exd5 exd5 4. c4 Nf6 5. Nc3 Be7 6. Nf3 0-0 7. Be2 Nc6 8. Bg5 dxc4 9. Bxc4 Bg4 10. 0-0 Bxf3 11. Qxf3 Qxd4 12. Bb3 Qc5 13. Be3 Qh5 14. Qg3 Bd6 15. Bf4 Rad8 16. Rad1 Qg6 17. Bxd6 Rxd6 18. Qxg6 hxg6 19. Rxd6 cxd6 20. Rd1 Rd8 21. f3 Kf8 22. Kf2 a6 23. a3 Ne7 24. g4 g5 25. Ne2 g6 26. h3 Nc6 27. Nc3 Ne7 28. Ne2 d5 29. Rc1 Nc6 30. Rd1 Ke7 31. Ke3 Rh8 32. Bxd5 Rxh3 33. Bxc6 bxc6 34. Kf2 Rh2+ 35. Ke3 Nd5+ 36. Ke4 Kd6 37. b4 Rf2 38. Nd4 Ra2 39. Nc2 Ke6 40. Re1 0-1

[Event "SRI-chB"]
[Site "Narahenpita"]
[Date "2017.05.13"]
[Round "4"]
[White "Pallie, Tuan Ehshan"]
[Black "Liyanapathirana, Pasan Vindula"]
[Result "0-1"]
[WhiteElo "1703"]
[BlackElo "1926"]
[PlyCount "36"]
[EventDate "2017.05.12"]
[EventType "swiss"]
[EventRounds "10"]
[EventCountry "SRI"]
[SourceTitle "CBM 178 Extra"]
[Source "ChessBase"]
[SourceDate "2017.06.22"]
[SourceVersion "1"]
[SourceVersionDate "2017.06.22"]
[SourceQuality "1"]

1. e4 d6 2. d4 Nf6 3. Nc3 g6 4. f4 Bg7 5. Nf3 0-0 6. Bd3 Bg4 7. e5 dxe5 8. fxe5 Nd5 9. h3 Be6 10. Ne4 f6 11. 0-0 Kh8 12. Qe1 Nc6 13. Nc5 Bc8 14. Qh4 Kg8 15. c4 Ndb4 16. Bb1 fxe5 17. Bg5 Qxd4+ 18. Qxd4 Nxd4 0-1

[Event "SRI-chB"]
[Site "Narahenpita"]
[Date "2017.05.12"]
[Round "1"]
[White "Liyanapathirana, Pasan Vindula"]
[Black "Dabarera, GWDM"]
[Result "1-0"]
[WhiteElo "1926"]
[BlackElo "1603"]
[PlyCount "59"]
[EventDate "2017.05.12"]
[EventType "swiss"]
[EventRounds "10"]
[EventCountry "SRI"]
[SourceTitle "CBM 178 Extra"]
[Source "ChessBase"]
[SourceDate "2017.06.22"]
[SourceVersion "1"]
[SourceVersionDate "2017.06.22"]
[SourceQuality "1"]

1. d4 c5 2. e4 e6 3. Nf3 a6 4. Be2 Be7 5. c4 cxd4 6. Nxd4 Nc6 7. Nc3 Bf6 8. Be3 Nge7 9. f4 d6 10. Qd2 e5 11. Nxc6 bxc6 12. Rd1 Qa5 13. Qxd6 exf4 14. Bxf4 Bxc3+ 15. bxc3 Be6 16. 0-0 h6 17. Be3 Qxa2 18. Bc5 0-0 19. Rd2 Qb3 20. Qxe7 Qxc3 21. Rfd1 Rfe8 22. Qb7 Rec8 23. Bd4 Qa5 24. Rd3 Bxc4 25. Rg3 Rab8 26. Qe7 g5 27. Bxc4 Rc7 28. Bxf7+ Kh7 29. Qf6 Rg8 30. Qxh6+ 1-0

[Event "Negombo op 2nd"]
[Site "Negombo"]
[Date "2016.08.14"]
[Round "4"]
[White "Idirisinghe, IMNH"]
[Black "Liyanapathirana, Pasan Vindula"]
[Result "0-1"]
[WhiteElo "1476"]
[BlackElo "1839"]
[PlyCount "66"]
[EventDate "2016.08.13"]
[EventType "swiss"]
[EventRounds "9"]
[EventCountry "SRI"]
[SourceTitle "EXT 2019"]
[Source "ChessBase"]
[SourceDate "2018.10.10"]
[SourceVersion "1"]
[SourceVersionDate "2018.10.10"]
[SourceQuality "1"]

1. e4 e6 2. d4 d5 3. Nc3 Nf6 4. Bg5 Be7 5. e5 Nfd7 6. Bxe7 Qxe7 7. Bd3 a6 8. Qg4 f5 9. Qg3 c5 10. Nf3 Nc6 11. dxc5 0-0 12. Ne2 Nxc5 13. 0-0 Bd7 14. Nf4 Ne4 15. Bxe4 fxe4 16. Ng5 Rf5 17. Ngh3 Nxe5 18. Rfe1 Kh8 19. Kh1 g5 20. Ne2 g4 21. Nhf4 Raf8 22. Qc3 Qg7 23. Ng3 Rxf4 24. Nh5 Qg5 25. Nxf4 Qxf4 26. f3 gxf3 27. gxf3 d4 28. Qa3 e3 29. Rf1 Bc6 30. Qe7 Bxf3+ 31. Rxf3 Qxf3+ 32. Kg1 Rg8+ 33. Qg5 Rxg5# 0-1